LEADER 01276nam a2200289 u 4500 001 000000011082 003 CaOOAMICUS 005 20070226105404.0 008 940516s1983 fr u000 u fre u 020 $a2851210432 035 $a10273468 040 $aPUL(R)$bita 100 1 $aLongère, Jean.$0(OLS)http://pul/name/3086 245 13$aLa prédication médiévale /$cJean Longère. 260 $aParis :$bÉtudes augustiniennes,$c1983. 300 $a300 p. ;$c25 cm 490 1 $aCollection des études augustiniennes.$aSérie Moyen-âge et temps modernes, ;$v9 650 4$aPredicazione$xStoria.$0(OLS)http://pul/subject/8586 710 2 $aInstitut d'Etudes Augustiniennes (Parigi).$0(OLS)http://pul/name/79664 830 0$aCollection des études augustiniennes.$pSérie Moyen-âge et temps modernes,$x1159-4888 ;$v9.$0(OLS)http://pul/title/16113 850 $aPUL 852 $aPUL$W1$xSL Filosofia 1$y2$m107 C 2$j15694$nBK-PRI$b $qStampati$B15694$CPULBib$Z2$F15694 $H $81 941 1 $a8 961 $aINV: 50774 996 $6020$a2851210432$9(OLS)http://pul/number/14188 996 $6245$aLa prédication médiévale$9(OLS)http://pul/title/16112 996 $6260$aParis :$bÉtudes augustiniennes$9(OLS)http://pul/publisher/49818 LEADER 00943nam a2200217 u 4500 001 000000085198 003 CaOOAMICUS 005 20070226124148.0 008 050729s1885 it u000 u ita u 035 $a11056053 040 $aPUL(R)$bita 100 1 $aArmellini, Torquato.$0(OLS)http://pul/name/33735 245 10$aRudimenti di scienza e fede attemperati alla colta gioventù /$cda Torquato Armellini. 260 $aModena :$bTip. Pontificia ed Arcivescovile,$c1885. 300 $a232 p. ;$c12 cm 650 4$aReligione e scienza.$0(OLS)http://pul/subject/147 850 $aPUL 852 $aPUL$W1$xDP1 Fondo Cecchetti$y53$m277 C 56$j108284$nBK-PRI$b $qFondi$B108284$CPULBib$Z2$F108284 $HPUL7513 $81 941 1 $a1 996 $6245$aRudimenti di scienza e fede attemperati alla colta gioventù$9(OLS)http://pul/title/110612 996 $6260$aModena :$bTip. Pontificia ed Arcivescovile$9(OLS)http://pul/publisher/77038